<?xml version="1.0" encoding="UTF-8"?>
<record
    xmlns:xsi="http://www.w3.org/2001/XMLSchema-instance"
    xsi:schemaLocation="http://www.loc.gov/MARC21/slim http://www.loc.gov/standards/marcxml/schema/MARC21slim.xsd"
    xmlns="http://www.loc.gov/MARC21/slim">

  <leader>02690    a2200217   4500</leader>
  <controlfield tag="001">54285</controlfield>
  <controlfield tag="005">20260407155814.0</controlfield>
  <controlfield tag="008">260407a1991    arg                 spa d</controlfield>
  <controlfield tag="003">AR-UNSa-BCEJYS</controlfield>
  <datafield tag="040" ind1=" " ind2=" ">
    <subfield code="a">AR-UNSa-BCEJYS</subfield>
    <subfield code="b">spa</subfield>
    <subfield code="c">AR-UNSa-BCEJYS</subfield>
  </datafield>
  <datafield tag="080" ind1=" " ind2=" ">
    <subfield code="a">336.748</subfield>
    <subfield code="x">Precios del cambio de monedas. Movimientos de los precios de cambio. Fluctuaciones en los precios de cambio (Inflaci&#xF3;n, Deflaci&#xF3;n)
</subfield>
  </datafield>
  <datafield tag="245" ind1="1" ind2="0">
    <subfield code="a">La multiplicaci&#xF3;n ileg&#xED;tima de los valores en los juicios</subfield>
    <subfield code="p">la desvalorizaci&#xF3;n monetaria en la hiperinflaci&#xF3;n 1989/91</subfield>
  </datafield>
  <datafield tag="020" ind1=" " ind2=" ">
    <subfield code="a">950-20-0635-6</subfield>
  </datafield>
  <datafield tag="264" ind1=" " ind2="1">
    <subfield code="a">Buenos Aires :</subfield>
    <subfield code="b">Abeledo Perrot</subfield>
    <subfield code="c">1991</subfield>
  </datafield>
  <datafield tag="300" ind1=" " ind2=" ">
    <subfield code="a">125 p.</subfield>
    <subfield code="c">17 cm.</subfield>
  </datafield>
  <datafield tag="505" ind1=" " ind2=" ">
    <subfield code="a">1. Concepto econ&#xF3;mico de la desvalorizaci&#xF3;n monetaria &#x2013; 2. Otros factores de modificaci&#xF3;n de los precios &#x2013; 3. Importancia de la moneda despu&#xE9;s de un proceso hiperinflacionario &#x2013; 4. Objeto jur&#xED;dico de la investigaci&#xF3;n &#x2013; 5. La nueva doctrina de la Corte Suprema de Justicia de la Naci&#xF3;n &#x2013; 6. Antecedentes jurisprudenciales de esta doctrina &#x2013; 7. Aplicaci&#xF3;n de los &#xED;ndices del INDEC &#x2013; 8. Contradicci&#xF3;n y deficiencias de los &#xED;ndices del INDEC &#x2013; 9. La desvalorizaci&#xF3;n monetaria y la evoluci&#xF3;n del salario &#x2013; 10. El fen&#xF3;meno de la hiperinflaci&#xF3;n &#x2013; 11. La indexaci&#xF3;n de las obligaciones en el periodo de la hiperinflaci&#xF3;n de 1989/90 &#x2013; 12. La hiperinflaci&#xF3;n es un caso fortuito, de fuerza mayor o imprevisible &#x2013; 13. La competencia jur&#xED;dica est&#xE1; circunscripta al caso y la sentencia debe resolver el litigio en los t&#xE9;rminos concretos en que est&#xE1; planteado &#x2013; 14. Revalorizaci&#xF3;n de las obligaciones del Estado y sus dependencias &#x2013; 15. Los principios generales aplicables judicialmente para la revalorizaci&#xF3;n de las obligaciones durante la hiperinflaci&#xF3;n 1989/90 &#x2013; 16. La desvalorizaci&#xF3;n monetaria y su aplicaci&#xF3;n en materia de seguros &#x2013; 17. Los efectos de la hiperinflaci&#xF3;n en el seguro &#x2013; 18. Valorizaci&#xF3;n de las inversiones de las reservas por siniestros pendientes. Periodo 30/VI/89 &#x2013; 31/III/91 &#x2013; 19. D&#xE9;ficit aproximado entre las inversiones de las reservas de siniestros pendientes, y las obligaciones con los asegurados, al final del periodo 30/VI/89 &#x2013; 31/III/91 &#x2013; 20. An&#xE1;lisis de la cuesti&#xF3;n desde el punto de vista del derecho de seguros &#x2013; 21. Examen de la cuesti&#xF3;n desde el punto de vista del asegurado y/o del tercero damnificado &#x2013; 22. La situaci&#xF3;n del asegurado frente al tercero damnificado &#x2013; 23. Oportunidad de la petici&#xF3;n en la Litis &#x2013; 24. El caso federal y la cuesti&#xF3;n constitucional &#x2013; 25. Epilogo </subfield>
  </datafield>
  <datafield tag="942" ind1=" " ind2=" ">
    <subfield code="c">BK</subfield>
  </datafield>
  <datafield tag="590" ind1=" " ind2=" ">
    <subfield code="a">niveau_biblio:m niveau_hierar:0</subfield>
  </datafield>
  <datafield tag="100" ind1="1" ind2=" ">
    <subfield code="a">Arauz Castex, Manuel</subfield>
  </datafield>
  <datafield tag="700" ind1="1" ind2=" ">
    <subfield code="a">Arauz Castex, Alejandro</subfield>
  </datafield>
  <datafield tag="999" ind1=" " ind2=" ">
    <subfield code="c">5454</subfield>
    <subfield code="d">5454</subfield>
  </datafield>
  <datafield tag="952" ind1=" " ind2=" ">
    <subfield code="0">0</subfield>
    <subfield code="1">0</subfield>
    <subfield code="4">0</subfield>
    <subfield code="7">0</subfield>
    <subfield code="a">BCEJYS</subfield>
    <subfield code="b">BCEJYS</subfield>
    <subfield code="c">16</subfield>
    <subfield code="d">2026-04-07</subfield>
    <subfield code="l">0</subfield>
    <subfield code="o">336.748 A658</subfield>
    <subfield code="p">L58894</subfield>
    <subfield code="r">2026-04-07 15:58:14</subfield>
    <subfield code="w">2026-04-07</subfield>
    <subfield code="y">L</subfield>
  </datafield>
</record>
